000 00633na a2200241 4500
001 16182
003 MIRAKIL
005 20181213154950.0
008 161002b tu 000 0
020 _a975885500X
035 _a16182
040 _aMilas
_btur
_cTR-AnCHP
041 _atur
082 _a818.42
_bA55 2003
090 _a818.42 A55 2003
245 _aAnnem savaş isterdi
_ceditör ; Fahri Özdemir
260 _aİstanbul
_bOpus yayınları
_c2003
300 _a204 s.
_c16 sm.
_e+2 CD
650 _aTürkçe şiir
_xSeçkiler
650 _aTürk edebiyatı
_xŞiir
657 _aŞiir seçkisi
942 _2ddc
_cBKS
999 _c4001
_d4001